Statistics for Biggest Cities In Washington - Map Quiz

Click here to take the quiz!

General Stats

  • This quiz has been taken 16 times
  • The average score is 6 of 10

Answers on the Map

Answers color-coded by a green-red scale on the quiz's map according to % correct below.
 

Answer Stats

Answer% Correct
Seattle
92%
Spokane Valley
85%
Spokane
69%
Tacoma
69%
Renton
62%
Vancouver
62%
Bellevue
54%
Everett
54%
Kent
46%
Federal Way
38%

Score Distribution

Percentile by Number Answered

Percent of People with Each Score

Your Score History

You have not taken this quiz